[Event "Ostravský koník 2014 - FIDE Open B"]
[Site "Ostrava, CZE"]
[Date "2014.04.29"]
[Round "4"]
[White "Cvik, Stepan"]
[Black "Petrov, Nikolaj"]
[Result "1-0"]
[WhiteElo "1723"]
[BlackElo "1777"]
[PlyCount "139"]

1. d4 d5 2. c4 c6 3. Nf3 Nf6 4. Nc3 g6 5. Bf4 Bg7 6. e3 Bg4 7. h3 Bxf3 8. Qxf3
O-O 9. Rc1 a5 10. cxd5 cxd5 11. Bb5 Nc6 12. Bxc6 bxc6 13. Na4 Ne4 14. Qe2 Rc8
15. O-O Re8 16. Qa6 c5 17. f3 g5 18. Bh2 Nd2 19. Rfd1 Nc4 20. dxc5 Nxe3 21. Rd3
d4 22. Nb6 Rc6 23. Qb7 Rxb6 24. cxb6 e5 25. Qc7 Qd5 26. Qc6 Rb8 27. Qxd5 Nxd5
28. Rxd4 Nxb6 29. Re4 Nd7 30. b3 f6 31. Kf1 Bf8 32. Bg1 Bb4 33. Rec4 Kf7 34.
Ke2 Ke6 35. Rd1 Rb7 36. g4 Nf8 37. Rc6+ Kf7 38. Be3 Ne6 39. Rd5 h6 40. Kd3 Ke7
41. Ke4 Nc7 42. Rd1 Nb5 43. Bc5+ Bxc5 44. Rxc5 Ke6 45. Rc6+ Ke7 46. Rd3 Nd4 47.
Ra6 Rb4 48. a3 Rb5 49. a4 Rc5 50. Rxd4 exd4 51. Kxd4 Re5 52. Rb6 Re1 53. Rb5
Rd1+ 54. Ke4 Re1+ 55. Kf5 Rf1 56. Ke4 Rb1 57. Kd3 Kd6 58. Kc2 Rf1 59. Rf5 Ke6
60. Kd3 Rb1 61. Kc4 Rc1+ 62. Kb5 Rc3 63. Kxa5 Rxb3 64. Ka6 h5 65. Ka7 hxg4 66.
hxg4 Ra3 67. a5 Ra4 68. a6 Ra3 69. Kb6 Ra4 70. Rc5 1-0

[Event "Ostravský koník 2014 - FIDE Open B"]
[Site "Ostrava, CZE"]
[Date "2014.04.29"]
[Round "4"]
[White "Pindjak, Michal"]
[Black "Klimes, Jan"]
[Result "1-0"]
[WhiteElo "1766"]
[BlackElo "1763"]
[PlyCount "28"]

1. e4 c5 2. Nf3 Nc6 3. Bc4 e6 4. c3 g6 5. d3 Bg7 6. Be3 Nge7 7. h4 d5 8. Nbd2
Bd7 9. h5 Ne5 10. Nxe5 Bxe5 11. Nf3 Qc7 12. Bg5 Nc6 13. hxg6 fxg6 14. exd5 exd5
1-0

[Event "Ostravský koník 2014 - FIDE Open B"]
[Site "Ostrava, CZE"]
[Date "2014.04.29"]
[Round "4"]
[White "Vinklarek, Robert"]
[Black "Kocur, Radim"]
[Result "0-1"]
[WhiteElo "1752"]
[BlackElo "1719"]
[PlyCount "98"]

1. d4 d5 2. c4 c6 3. e3 Nf6 4. Nc3 Bf5 5. Qb3 Qb6 6. Qxb6 axb6 7. cxd5 cxd5 8.
Bb5+ Nc6 9. Nf3 e6 10. Ne5 Rc8 11. a3 Bd6 12. Nf3 O-O 13. O-O Na5 14. Na4 Nb3
15. Nxb6 Rc7 16. Bd2 Nxa1 17. Rxa1 Ne4 18. Ba5 Rc2 19. b4 Rxf2 20. Rc1 Kh8 21.
Nd7 Ra8 22. Nb6 Rg8 23. Ng5 Rxg2+ 24. Kxg2 Nxg5 25. h4 Be4+ 26. Kf1 Nf3 27. Nc8
Bb8 28. Ne7 Rf8 29. h5 Nd2+ 30. Ke2 Nb3 31. Rc3 Nxa5 32. bxa5 Bd6 33. Nc8 Bxa3
34. Nb6 Bb4 35. Rc7 Bxa5 36. Rxb7 Bxb6 37. Rxb6 h6 38. Rb7 g6 39. hxg6 Bxg6 40.
Re7 Kg7 41. Kf3 Kf6 42. Rc7 h5 43. Rc1 Rh8 44. Bf1 Be4+ 45. Kf4 Rg8 46. Be2 h4
47. Bg4 Rg6 48. Rf1 Ke7 49. Rf2 Rf6+ 0-1

[Event "Ostravský koník 2014 - FIDE Open B"]
[Site "Ostrava, CZE"]
[Date "2014.04.29"]
[Round "4"]
[White "Gil, Karel"]
[Black "Krejcok, Tobias"]
[Result "1-0"]
[WhiteElo "1873"]
[BlackElo "1314"]
[PlyCount "79"]

1. Nf3 Nf6 2. c4 g6 3. Nc3 Bg7 4. e4 d6 5. d4 Nbd7 6. Be2 e5 7. d5 Nc5 8. Qc2
a5 9. O-O O-O 10. Bg5 Bd7 11. Nd2 h6 12. Bh4 Qc8 13. Rab1 b6 14. b3 Re8 15. a3
Qb7 16. b4 axb4 17. axb4 Na4 18. f3 Nxc3 19. Qxc3 Ra4 20. c5 bxc5 21. bxc5 Qa7
22. Bf2 Ra3 23. Qc1 Qa8 24. Nc4 Ra2 25. Bd3 dxc5 26. Bxc5 Nh5 27. Nb2 Nf4 28.
Bc4 Rb8 29. g3 Nh3+ 30. Kg2 Ra5 31. Be3 Kh7 32. Rd1 Ra3 33. d6 cxd6 34. Rxd6
Bc8 35. Bxf7 g5 36. Bg6+ Kg8 37. Qc4+ Kh8 38. Rd8+ Bf8 39. Rxf8+ Kg7 40. Qf7#
1-0

[Event "Ostravský koník 2014 - FIDE Open B"]
[Site "Ostrava, CZE"]
[Date "2014.04.29"]
[Round "4"]
[White "Markova, Kristyna"]
[Black "Prokop, Tomas"]
[Result "1-0"]
[WhiteElo "1474"]
[BlackElo "1866"]
[PlyCount "49"]

1. e4 c5 2. Nf3 Nc6 3. d4 cxd4 4. Nxd4 Nf6 5. Nc3 d6 6. Be3 g6 7. f3 Bg7 8. Qd2
Bd7 9. Bc4 O-O 10. O-O-O Rc8 11. Bb3 a6 12. g4 Na5 13. h4 Nxb3+ 14. cxb3 b5 15.
Kb1 b4 16. Nce2 a5 17. h5 a4 18. Qxb4 axb3 19. Nxb3 Rb8 20. Qd2 Ba4 21. Nec1
Nd7 22. Bh6 Bh8 23. Bxf8 Qxf8 24. hxg6 hxg6 25. Rxh8+ 1-0

[Event "Ostravský koník 2014 - FIDE Open B"]
[Site "Ostrava, CZE"]
[Date "2014.04.29"]
[Round "4"]
[White "Hurta, Jiri"]
[Black "Stefanik, Petr"]
[Result "1-0"]
[WhiteElo "1844"]
[BlackElo "1456"]
[PlyCount "103"]

1. Nf3 c5 2. g3 b6 3. Bg2 Bb7 4. O-O e6 5. c4 Be7 6. Nc3 a6 7. d4 cxd4 8. Nxd4
Bxg2 9. Kxg2 Nf6 10. e4 e5 11. Nf5 O-O 12. Nxe7+ Qxe7 13. Bg5 Qe6 14. Bxf6 Qxf6
15. Nd5 Qd6 16. Qg4 Kh8 17. Rad1 Ra7 18. Qg5 f6 19. Qg4 Rb7 20. Qh5 Qc6 21. b3
Qe6 22. Ne3 g6 23. Qh6 Kg8 24. f4 exf4 25. Qxf4 Nc6 26. Rd6 Qe5 27. Rxf6 Rxf6
28. Qxe5 Nxe5 29. Rxf6 Kg7 30. Rd6 a5 31. Nd5 b5 32. cxb5 Rxb5 33. Nb6 Rc5 34.
Nc4 Nxc4 35. bxc4 Rxc4 36. Rxd7+ Kf6 37. Kf3 h5 38. Ke3 Ra4 39. Rd2 Ra3+ 40.
Kd4 Ra4+ 41. Kd5 Rb4 42. Rc2 Rb8 43. Rc6+ Kf7 44. Rc7+ Kf8 45. e5 Rb2 46. Rc8+
Ke7 47. Rc7+ Kd8 48. Rg7 Rb5+ 49. Kc4 Rxe5 50. Rxg6 Kc7 51. a4 Re4+ 52. Kb5 1-0

[Event "Ostravský koník 2014 - FIDE Open B"]
[Site "Ostrava, CZE"]
[Date "2014.04.29"]
[Round "4"]
[White "Szabo, Pavel"]
[Black "Nytra, Ondrej"]
[Result "0-1"]
[WhiteElo "1720"]
[BlackElo "1452"]
[PlyCount "70"]

1. d4 d5 2. Nf3 Nf6 3. c4 c6 4. e3 Bf5 5. Nc3 e6 6. Be2 Bd6 7. O-O O-O 8. h3
Nbd7 9. Bd2 Ne4 10. Be1 Ndf6 11. Rc1 Nxc3 12. bxc3 Ne4 13. c5 Bc7 14. c4 Qf6
15. cxd5 exd5 16. Kh1 Qh6 17. Ng1 Rfe8 18. g4 Bd7 19. f4 g5 20. f5 Bg3 21. Rf3
Qh4 22. Kg2 Bxe1 23. Qxe1 Qxe1 24. Rxe1 b6 25. Rc1 bxc5 26. dxc5 Rab8 27. Rc2
a5 28. Bd3 a4 29. Ne2 a3 30. Nd4 Rb2 31. Nb3 Nc3 32. Nc1 Nd1 33. Rxb2 axb2 34.
Nb3 Ra8 35. Rf1 Nxe3+ 0-1

[Event "Ostravský koník 2014 - FIDE Open B"]
[Site "Ostrava, CZE"]
[Date "2014.04.29"]
[Round "4"]
[White "Kopec, Ladislav"]
[Black "Kuchar, Matej"]
[Result "0-1"]
[WhiteElo "1450"]
[BlackElo "1693"]
[PlyCount "85"]

1. e4 c5 2. Nf3 Nc6 3. Bb5 e6 4. Bxc6 bxc6 5. d3 d5 6. Qe2 Ne7 7. Bf4 Ng6 8.
Bg3 Be7 9. O-O O-O 10. Nbd2 Re8 11. Rad1 f5 12. Ne5 Nxe5 13. Bxe5 Ba6 14. f3
Bd6 15. Bxd6 Qxd6 16. e5 Qc7 17. f4 Qb6 18. Rb1 c4+ 19. Kh1 cxd3 20. cxd3 Rab8
21. Nf3 c5 22. Rf2 c4 23. d4 Qa5 24. a3 Rb3 25. Qc2 Reb8 26. Ng5 Rxb2 27. Rff1
c3 28. Rfd1 h6 29. Rxb2 Rxb2 30. Qc1 hxg5 31. fxg5 Rd2 32. Re1 c2 33. h3 Be2
34. Kh2 Rd1 35. Rxd1 Bxd1 36. Qb2 Qc7 37. Qc1 Qc3 38. g6 Qxd4 39. Qg5 Qxe5+ 40.
Kg1 Qf6 41. Qc1 Qxg6 42. Qb2 Qf6 43. Qc1 0-1

[Event "Ostravský koník 2014 - FIDE Open B"]
[Site "Ostrava, CZE"]
[Date "2014.04.29"]
[Round "4"]
[White "Zizka, Radim"]
[Black "Nguyen, Thai Dai Vinh"]
[Result "1-0"]
[WhiteElo "1687"]
[BlackElo "1451"]
[PlyCount "95"]

1. e4 c5 2. Nc3 e6 3. f4 Nc6 4. Nf3 Nf6 5. Bb5 a6 6. Bxc6 bxc6 7. d3 Be7 8. O-O
O-O 9. Na4 c4 10. e5 Ng4 11. h3 Qa5 12. c3 Nh6 13. dxc4 Nf5 14. b4 Qc7 15. c5
a5 16. a3 Ba6 17. Rf2 Ng3 18. Qc2 axb4 19. cxb4 Bb5 20. Nc3 f5 21. Nxb5 cxb5
22. Kh2 Ne4 23. Re2 Rfc8 24. Be3 d6 25. exd6 Bxd6 26. Qb3 Bxf4+ 27. Bxf4 Qxf4+
28. Kg1 Re8 29. Qe3 Ng3 30. Ree1 Qxe3+ 31. Rxe3 Rad8 32. Ree1 Ne4 33. a4 bxa4
34. Rxa4 e5 35. Ra3 Nd2 36. Nxd2 Rxd2 37. Raa1 Rb2 38. Rab1 Rxb1 39. Rxb1 e4
40. b5 e3 41. Kf1 f4 42. b6 Kf7 43. b7 Rb8 44. c6 Ke7 45. c7 Rxb7 46. Rxb7 Kd7
47. c8=Q+ Kxc8 48. Rxg7 1-0

[Event "Ostravský koník 2014 - FIDE Open B"]
[Site "Ostrava, CZE"]
[Date "2014.04.29"]
[Round "4"]
[White "Haska, Filip"]
[Black "Kaplita, Ladislav"]
[Result "0-1"]
[WhiteElo "1380"]
[BlackElo "1678"]
[PlyCount "56"]

1. e4 c6 2. d4 d5 3. Nc3 dxe4 4. Nxe4 Nf6 5. Ng3 e5 6. Nf3 exd4 7. Qxd4 Qxd4 8.
Nxd4 Bc5 9. Be3 O-O 10. O-O-O Nbd7 11. h4 Nb6 12. Ngf5 Ng4 13. g3 Nd5 14. Rd2
Bxf5 15. Nxf5 Ndxe3 16. fxe3 Nxe3 17. Bh3 Nxf5 18. Bxf5 Be3 19. Rhd1 Rad8 20.
g4 Rxd2 21. Rxd2 Rd8 22. Bd3 Rd4 23. Kd1 Bxd2 24. Kxd2 Rxg4 25. h5 Rh4 26. Be2
g6 27. hxg6 hxg6 28. Ke3 Kg7 0-1

[Event "Ostravský koník 2014 - FIDE Open B"]
[Site "Ostrava, CZE"]
[Date "2014.04.29"]
[Round "4"]
[White "Romanek, Zdenek"]
[Black "Neumann, Filip"]
[Result "1-0"]
[WhiteElo "1671"]
[BlackElo "1370"]
[PlyCount "93"]

1. d4 d5 2. c4 c6 3. Nc3 Nf6 4. Nf3 e6 5. e3 Be7 6. Bd3 O-O 7. O-O Nbd7 8. Re1
Re8 9. e4 dxe4 10. Nxe4 Nxe4 11. Bxe4 Nf8 12. Bd2 Bf6 13. Bc3 Qc7 14. Rc1 b6
15. d5 Bxc3 16. Rxc3 Bb7 17. d6 Qd7 18. Ne5 Qd8 19. Rd3 f6 20. Nxc6 Qd7 21.
Ne7+ Rxe7 22. dxe7 Qxe7 23. Bxb7 Qxb7 24. Rd8 Kf7 25. Rxa8 Qxa8 26. Qe2 Qc6 27.
b3 Ng6 28. h3 Ke7 29. Qg4 a6 30. h4 Kf7 31. a4 Qd6 32. h5 Ne5 33. Qe4 g6 34. h6
Nd7 35. Qf3 Nc5 36. Rd1 Qc7 37. Rd2 Ke7 38. Qd1 Ne4 39. Rd4 Nd6 40. g4 Qc5 41.
Qd2 Qc6 42. Qd3 b5 43. cxb5 axb5 44. axb5 Nxb5 45. Rc4 Qd6 46. Qxd6+ Kxd6 47.
Rc8 1-0

[Event "Ostravský koník 2014 - FIDE Open B"]
[Site "Ostrava, CZE"]
[Date "2014.04.29"]
[Round "4"]
[White "Opela, Radek"]
[Black "Sikora, Matous"]
[Result "1/2-1/2"]
[WhiteElo "1329"]
[BlackElo "1661"]
[PlyCount "101"]

1. d4 Nf6 2. c4 e6 3. Nc3 Bb4 4. Bg5 O-O 5. Nf3 h6 6. Bh4 d5 7. a3 Be7 8. e3
Nbd7 9. Bd3 b6 10. Qc2 Bb7 11. b4 c6 12. O-O Rc8 13. Rfe1 Ne8 14. Bg3 f5 15. c5
Nef6 16. a4 Ra8 17. a5 Ne4 18. a6 Bc8 19. Ne2 Ndf6 20. Ne5 Nxg3 21. hxg3 Bd7
22. Nf4 Qc7 23. Nfg6 Rae8 24. b5 bxc5 25. dxc5 cxb5 26. c6 Bc8 27. Nxe7+ Rxe7
28. Ng6 Ref7 29. Nxf8 Rxf8 30. Bxb5 Ne4 31. Bd3 Nd6 32. f3 Rf6 33. Reb1 e5 34.
e4 fxe4 35. fxe4 dxe4 36. Bxe4 Nxe4 37. Qxe4 Rxc6 38. Qd5+ Kh8 39. Rb8 Rc5 40.
Qb7 Qd8 41. Ra5 Qd1+ 42. Kh2 Qh5+ 43. Kg1 Rc1+ 44. Kf2 Rc2+ 45. Kg1 Rc1+ 46.
Kf2 Qf5+ 47. Qf3 Qc2+ 48. Qe2 Qf5+ 49. Qf3 Qc2+ 50. Qe2 Qf5+ 51. Qf3 1/2-1/2

[Event "Ostravský koník 2014 - FIDE Open B"]
[Site "Ostrava, CZE"]
[Date "2014.04.29"]
[Round "4"]
[White "Depta, Tomas"]
[Black "Sandor, Stefan"]
[Result "1-0"]
[WhiteElo "1888"]
[BlackElo "1653"]
[PlyCount "81"]

1. e4 e5 2. Nc3 Nf6 3. f4 exf4 4. e5 Ng8 5. Nf3 d6 6. d4 dxe5 7. Bc4 Bg4 8.
Bxf7+ Ke7 9. Bd5 c6 10. Be4 exd4 11. Qxd4 Qxd4 12. Nxd4 Nf6 13. Bxf4 Nbd7 14.
Bf3 Re8 15. O-O-O Kd8 16. h3 Bxf3 17. Nxf3 Bc5 18. Ng5 Kc8 19. Nf7 Rhf8 20.
Nd6+ Bxd6 21. Bxd6 Rf7 22. Rhe1 Nb6 23. Rxe8+ Nxe8 24. Bg3 Rd7 25. Ne4 Rxd1+
26. Kxd1 Nd5 27. Kd2 b6 28. c4 Ndf6 29. Ke3 Nxe4 30. Kxe4 h5 31. Kd4 a6 32. Be5
g6 33. Kc3 Kb7 34. b3 Nc7 35. Bxc7 Kxc7 36. h4 b5 37. g3 bxc4 38. bxc4 a5 39.
a4 Kb7 40. Kd4 Kb6 41. c5+ 1-0

[Event "Ostravský koník 2014 - FIDE Open B"]
[Site "Ostrava, CZE"]
[Date "2014.04.29"]
[Round "4"]
[White "Bohanesova, Vendula"]
[Black "Szotkowski, David"]
[Result "1/2-1/2"]
[WhiteElo "1652"]
[BlackElo "1300"]
[PlyCount "66"]

1. d4 Nf6 2. Nc3 g6 3. Bg5 Bg7 4. e4 d6 5. Nf3 Nbd7 6. Bc4 O-O 7. Qd2 c6 8. O-O
Qc7 9. Rae1 e5 10. d5 b5 11. Bb3 b4 12. Ne2 c5 13. Qd3 Nb6 14. Nd2 a5 15. f4
Ba6 16. Bc4 Nxc4 17. Nxc4 Ng4 18. f5 h6 19. Bc1 Qe7 20. b3 Bxc4 21. bxc4 Kh7
22. h3 Nf6 23. g4 g5 24. Ng3 Rab8 25. Nh5 Nxh5 26. gxh5 Bf6 27. Qe3 Rg8 28. Kh1
a4 29. Rg1 Ra8 30. Rg2 Rg7 31. Reg1 Rag8 32. Qe2 Qd8 33. Bd2 Qb6 1/2-1/2

[Event "Ostravský koník 2014 - FIDE Open B"]
[Site "Ostrava, CZE"]
[Date "2014.04.29"]
[Round "4"]
[White "Beluska, Tereza"]
[Black "Skrle, Vladimir"]
[Result "1/2-1/2"]
[WhiteElo "1645"]
[BlackElo "1830"]
[PlyCount "79"]

1. e4 e5 2. Nf3 Nc6 3. Nc3 Nf6 4. Bb5 Bb4 5. O-O O-O 6. d3 d6 7. h3 h6 8. Be3
a6 9. Ba4 b5 10. Bb3 Bxc3 11. bxc3 Be6 12. Nd2 d5 13. f3 Ne7 14. d4 Ng6 15. Re1
Re8 16. Bf2 dxe4 17. Nxe4 Bxb3 18. cxb3 exd4 19. Nxf6+ Qxf6 20. Qxd4 Qxd4 21.
Bxd4 f6 22. g3 Kf7 23. Kf2 Ne5 24. Bxe5 Rxe5 25. Rxe5 fxe5 26. Rd1 Ke6 27. Ke3
c6 28. Ke4 a5 29. a3 a4 30. b4 g6 31. c4 bxc4 32. Rc1 Rb8 33. Rxc4 Kd6 34. Rc5
Rb5 35. Rxb5 cxb5 36. f4 exf4 37. gxf4 Ke6 38. Kd4 Kd6 39. h4 h5 40. Ke4
1/2-1/2

[Event "Ostravský koník 2014 - FIDE Open B"]
[Site "Ostrava, CZE"]
[Date "2014.04.29"]
[Round "4"]
[White "Balon, Rene"]
[Black "Kubelova, Sona"]
[Result "1-0"]
[WhiteElo "1759"]
[BlackElo "1639"]
[PlyCount "43"]

1. d4 d5 2. c4 e6 3. Nc3 c6 4. Nf3 dxc4 5. a4 Bb4 6. e3 Bxc3+ 7. bxc3 b5 8. Ne5
Nf6 9. axb5 cxb5 10. Qf3 Qd5 11. Qg3 O-O 12. Ba3 Re8 13. Be2 Nbd7 14. Bf3 Ne4
15. Qf4 Ndf6 16. h4 Bb7 17. g4 a5 18. g5 b4 19. gxf6 bxa3 20. Rg1 Qd8 21. Rxg7+
Kf8 22. Rxf7+ 1-0

[Event "Ostravský koník 2014 - FIDE Open B"]
[Site "Ostrava, CZE"]
[Date "2014.04.29"]
[Round "4"]
[White "Carbol, Otmar"]
[Black "Gemsa, Pavel"]
[Result "1/2-1/2"]
[WhiteElo "1683"]
[BlackElo "1626"]
[PlyCount "56"]

1. c4 c5 2. Nc3 Nf6 3. g3 e6 4. Bg2 d5 5. d3 Nc6 6. a3 Be7 7. Nf3 dxc4 8. dxc4
Qxd1+ 9. Nxd1 Nd4 10. Nxd4 cxd4 11. O-O O-O 12. b4 e5 13. Nb2 e4 14. Bf4 a5 15.
c5 Bf5 16. Rfd1 Nd5 17. Be5 Nc3 18. Bxd4 Nxd1 19. Rxd1 axb4 20. axb4 Rfd8 21.
e3 Ra2 22. Nc4 Rda8 23. Nd6 Bxd6 24. cxd6 R8a3 25. Rc1 h6 26. Bxe4 Bxe4 27. d7
Ra8 28. Rc8+ Kh7 1/2-1/2

[Event "Ostravský koník 2014 - FIDE Open B"]
[Site "Ostrava, CZE"]
[Date "2014.04.29"]
[Round "4"]
[White "Hotarek, Jaroslav"]
[Black "Cech, Jan"]
[Result "1/2-1/2"]
[WhiteElo "1668"]
[BlackElo "1615"]
[PlyCount "31"]

1. e4 d5 2. exd5 Qxd5 3. Nc3 Qd6 4. Be2 Nf6 5. Bf3 Nc6 6. Nge2 Bf5 7. d3 e5 8.
Ng3 Bg6 9. Bd2 Qd7 10. h3 Bc5 11. Nge4 Nxe4 12. Nxe4 Bb6 13. Be3 Nd4 14. Nd2
O-O-O 15. Nc4 Qb5 16. a4 1/2-1/2

[Event "Ostravský koník 2014 - FIDE Open B"]
[Site "Ostrava, CZE"]
[Date "2014.04.29"]
[Round "4"]
[White "Holis, Jaroslav"]
[Black "Kopcova, Ludmila"]
[Result "1/2-1/2"]
[WhiteElo "1621"]
[BlackElo "1598"]
[PlyCount "78"]

1. e4 e5 2. Nf3 Nf6 3. Nc3 Bb4 4. d3 O-O 5. Be2 d5 6. exd5 Nxd5 7. Bd2 Bxc3 8.
Bxc3 Nxc3 9. bxc3 Nc6 10. O-O Bf5 11. Nd2 Qd7 12. Re1 Rfe8 13. Bf3 Rad8 14. Ne4
b6 15. Ng3 Bg6 16. Bh5 Qd6 17. Bxg6 Qxg6 18. Qf3 h6 19. Re4 Qf6 20. Qxf6 gxf6
21. Nf5 Kh7 22. Rc4 Re6 23. Rg4 Rf8 24. Re1 Ne7 25. Nxe7 Rxe7 26. Re3 Rg8 27.
Reg3 Rxg4 28. Rxg4 f5 29. Rb4 c5 30. Rb1 Kg6 31. f3 Kf6 32. a4 Rc7 33. c4 Rb7
34. a5 Kg6 35. Kf2 f4 36. g3 fxg3+ 37. hxg3 f5 38. Ke3 Kf6 39. c3 Ke6 1/2-1/2

[Event "Ostravský koník 2014 - FIDE Open B"]
[Site "Ostrava, CZE"]
[Date "2014.04.29"]
[Round "4"]
[White "Filip, Tomas"]
[Black "Crha, Bretislav"]
[Result "0-1"]
[WhiteElo "1595"]
[BlackElo "1799"]
[PlyCount "52"]

1. e4 c5 2. Nf3 d6 3. d4 cxd4 4. Nxd4 Nf6 5. Nc3 g6 6. f3 Bg7 7. Nb3 O-O 8. Be3
Be6 9. Qd2 Nbd7 10. O-O-O Nb6 11. g4 h5 12. h3 Nc4 13. Bxc4 Bxc4 14. Bh6 Bxb3
15. axb3 Qa5 16. Kb1 Rfe8 17. Rdg1 Kh7 18. Bxg7 Kxg7 19. gxh5 Qxh5 20. Rg5 Qxf3
21. Qe1 Rh8 22. h4 Rh6 23. Nd5 Nxe4 24. Rf1 Qxf1 25. Qxf1 Nd2+ 26. Kc1 Nxf1 0-1

[Event "Ostravský koník 2014 - FIDE Open B"]
[Site "Ostrava, CZE"]
[Date "2014.04.29"]
[Round "4"]
[White "Laurincova, Kristyna"]
[Black "Filip, Tomas"]
[Result "0-1"]
[WhiteElo "1584"]
[BlackElo "1608"]
[PlyCount "66"]

1. e4 c6 2. d4 d5 3. e5 Bf5 4. Nc3 e6 5. Be3 Nd7 6. Nge2 c5 7. f4 Rc8 8. h3 h5
9. Ng3 Bg6 10. Be2 a6 11. O-O h4 12. Nh1 Ne7 13. Bg4 Bf5 14. Bf3 Nc6 15. Ne2
Qb6 16. b3 cxd4 17. Nxd4 Nxd4 18. Bxd4 Bxc2 19. Bxb6 Bxd1 20. Rfxd1 Nxb6 21.
Rac1 Bc5+ 22. Nf2 O-O 23. Kf1 Be3 24. Rxc8 Rxc8 25. Nd3 Rc2 26. Re1 Bd2 27. Ra1
Nc8 28. b4 b6 29. a3 Ne7 30. Be2 Nf5 31. Kf2 Be3+ 32. Ke1 Nd4 33. Bf1 Rd2 0-1

[Event "Ostravský koník 2014 - FIDE Open B"]
[Site "Ostrava, CZE"]
[Date "2014.04.29"]
[Round "4"]
[White "Glacner, Karel"]
[Black "Kubelka, Jaroslav"]
[Result "1-0"]
[WhiteElo "1579"]
[BlackElo "1550"]
[PlyCount "89"]

1. Nf3 Nf6 2. g3 g6 3. Bg2 Bg7 4. d4 d5 5. O-O O-O 6. b3 c6 7. Bb2 Re8 8. c4
Bf5 9. Nc3 Ne4 10. Nd2 Nxc3 11. Bxc3 Qd7 12. Nf3 f6 13. Qd2 e5 14. cxd5 cxd5
15. Nh4 Bh3 16. Bxh3 Qxh3 17. dxe5 Qe6 18. exf6 Bxf6 19. Bxf6 Qxf6 20. Qxd5+
Kh8 21. Qxb7 Nc6 22. e3 Ne5 23. Rac1 Qf8 24. Rc7 Qh6 25. Qg2 Rf8 26. Qe4 Rfe8
27. f4 Ng4 28. Qd4+ Kg8 29. Qd5+ Kh8 30. e4 Rad8 31. Qg5 Qxg5 32. fxg5 Rxe4 33.
Ng2 a5 34. h3 Ne5 35. Ra7 Nc6 36. Rc7 Nb4 37. Rf2 Rd1+ 38. Kh2 Rd8 39. Rff7 Re2
40. Rxh7+ Kg8 41. Rhg7+ Kh8 42. Rcd7 Rc8 43. Rc7 Rd8 44. Rgd7 Rf8 45. Rh7+ 1-0

[Event "Ostravský koník 2014 - FIDE Open B"]
[Site "Ostrava, CZE"]
[Date "2014.04.29"]
[Round "4"]
[White "Bosnak, Ondrej"]
[Black "Lipus, Drahomir"]
[Result "1-0"]
[WhiteElo "1471"]
[BlackElo "1568"]
[PlyCount "67"]

1. d4 Nf6 2. c4 c5 3. Nf3 cxd4 4. Nxd4 Nc6 5. e3 e6 6. Nc3 Be7 7. Bd3 O-O 8.
O-O a6 9. Nf3 Nb4 10. Be2 Qc7 11. a3 Nc6 12. h3 Rd8 13. e4 b6 14. Be3 Bb7 15.
Na4 Bc5 16. Bxc5 bxc5 17. Nxc5 d5 18. exd5 exd5 19. Nxb7 Qxb7 20. Qc2 Rac8 21.
Rfd1 Ne7 22. b3 Ng6 23. Rab1 Nf4 24. Bf1 Qa7 25. Qf5 N6h5 26. Rxd5 g6 27. Rxd8+
Rxd8 28. Qc2 Re8 29. Re1 Rxe1 30. Nxe1 Ng3 31. Bd3 Qd4 32. c5 Qa1 33. Qb1 Nxd3
34. Qxa1 1-0

[Event "Ostravský koník 2014 - FIDE Open B"]
[Site "Ostrava, CZE"]
[Date "2014.04.29"]
[Round "4"]
[White "Demko, Robert"]
[Black "Soukup, Ondrej"]
[Result "1/2-1/2"]
[WhiteElo "1562"]
[BlackElo "1250"]
[PlyCount "148"]

1. d4 d5 2. c4 e6 3. Nc3 Nf6 4. Bg5 Be7 5. cxd5 Nxd5 6. Bxe7 Qxe7 7. e4 Nb6 8.
Nf3 O-O 9. Be2 Rd8 10. Qc2 Nc6 11. Rd1 a6 12. a3 f6 13. O-O Qf7 14. Rfe1 f5 15.
e5 Bd7 16. Rd2 Be8 17. b4 Ne7 18. Rc1 Ned5 19. Nxd5 Nxd5 20. Bc4 Rac8 21. Bxd5
Rxd5 22. Qb3 Qd7 23. Rc5 b6 24. Rxd5 Qxd5 25. Qxd5 exd5 26. Rc2 Bh5 27. Rc3
Bxf3 28. Rxf3 g6 29. Rc3 c6 30. f4 h6 31. h4 h5 32. Kf2 Kf7 33. Ke3 Rc7 34. a4
Ke7 35. b5 axb5 36. axb5 c5 37. dxc5 bxc5 38. Ra3 Rb7 39. Ra5 Kd7 40. Ra6 Rxb5
41. Rd6+ Ke7 42. Rxd5 Ke6 43. Rd6+ Kf7 44. Rc6 Rb2 45. Kf3 Rb3+ 46. Kf2 Rb2+
47. Kf3 Rb3+ 48. Kf2 Rb4 49. g3 c4 50. Kf3 Ra4 51. Kg2 Ra2+ 52. Kf3 Ra3+ 53.
Kf2 c3 54. Ke3 c2+ 55. Kd4 Rxg3 56. Rxc2 Rb3 57. Rc7+ Ke6 58. Rc6+ Kf7 59. Rc3
Rb4+ 60. Rc4 Rb7 61. Kd5 Ke7 62. Rc6 Rb4 63. Rxg6 Rxf4 64. Rg5 Rxh4 65. Rxf5
Rh1 66. Rf4 h4 67. Ke4 h3 68. Kf5 h2 69. Rf2 Re1 70. Rxh2 Rf1+ 71. Ke4 Re1+ 72.
Kf4 Rf1+ 73. Kg5 Rg1+ 74. Kh6 Re1 1/2-1/2

[Event "Ostravský koník 2014 - FIDE Open B"]
[Site "Ostrava, CZE"]
[Date "2014.04.29"]
[Round "4"]
[White "Gresova, Zuzana"]
[Black "Machura, Jaroslav"]
[Result "1-0"]
[WhiteElo "1550"]
[BlackElo "1000"]
[PlyCount "55"]

1. e4 e5 2. Nf3 Nc6 3. d4 exd4 4. Nxd4 Nxd4 5. Qxd4 c5 6. Qd3 Be7 7. Nc3 b6 8.
Bf4 Bb7 9. O-O-O Bc6 10. Qd2 a6 11. Bc4 Ra7 12. Rhe1 Nf6 13. Nd5 O-O 14. Nxe7+
Qxe7 15. Bd6 Qd8 16. Bxf8 Qxf8 17. Bd5 Bb5 18. c4 Bc6 19. Bxc6 dxc6 20. Qd6 Qe8
21. Qd8 Kf8 22. Qxb6 Ra8 23. Qxc5+ Kg8 24. f3 h6 25. Rd6 Rc8 26. Red1 Nh7 27.
Rd7 Nf8 28. Re7 1-0

[Event "Ostravský koník 2014 - FIDE Open B"]
[Site "Ostrava, CZE"]
[Date "2014.04.29"]
[Round "4"]
[White "Kosar, Attila"]
[Black "Vantuch, Lucian"]
[Result "0-1"]
[WhiteElo "1831"]
[BlackElo "1334"]
[PlyCount "88"]

1. e4 c5 2. Nf3 d6 3. d4 cxd4 4. Nxd4 Nf6 5. Nc3 g6 6. Be2 Bg7 7. Bg5 O-O 8.
O-O Nc6 9. Nf3 Bd7 10. h3 Qa5 11. Bc4 Rac8 12. Bb3 a6 13. Qd2 Nh5 14. Bh6 Ne5
15. Nxe5 Qxe5 16. Bxg7 Kxg7 17. Qd5 Qxd5 18. Nxd5 e6 19. Nb6 Rc7 20. Nxd7 Rxd7
21. Rad1 Rc8 22. c3 Nf6 23. f3 d5 24. exd5 Nxd5 25. Bxd5 Rxd5 26. Rxd5 exd5 27.
Rd1 Re8 28. Kf2 Rd8 29. c4 Kf6 30. cxd5 Ke5 31. Re1+ Kd6 32. Re2 Rc8 33. Rd2
Rc5 34. Ke3 Rxd5 35. Rxd5+ Kxd5 36. Kd3 f6 37. b3 b6 38. a3 a5 39. g3 b5 40. h4
h6 41. a4 bxa4 42. bxa4 Kc5 43. Kc3 f5 44. g4 f4 0-1

[Event "Ostravský koník 2014 - FIDE Open B"]
[Site "Ostrava, CZE"]
[Date "2014.04.29"]
[Round "4"]
[White "Koci, Tomas"]
[Black "Frank, Adam"]
[Result "1/2-1/2"]
[WhiteElo "1710"]
[BlackElo "1417"]
[PlyCount "78"]

1. e4 e5 2. Bc4 Nf6 3. d3 Bc5 4. Nf3 d6 5. c3 Bg4 6. O-O O-O 7. Nbd2 Nc6 8. b4
Bb6 9. a4 a6 10. a5 Ba7 11. h3 Bh5 12. Re1 Qe7 13. Nf1 h6 14. Ng3 Bg6 15. Be3
Nh5 16. Bxa7 Rxa7 17. Nf1 Nf4 18. Ne3 Qf6 19. Nd5 Nxd5 20. Bxd5 Bh5 21. Re3 Ne7
22. Bb3 Ng6 23. g4 Nf4 24. gxh5 Nxh3+ 25. Kf1 Nf4 26. Nh2 Qh4 27. Qg4 Qxh2 28.
Rg3 Qh1+ 29. Rg1 Qh3+ 30. Qxh3 Nxh3 31. Rg3 Nf4 32. Bd1 f5 33. Kg1 Raa8 34. Kh2
Rad8 35. Bb3+ Kh8 36. Bd1 Rd7 37. exf5 Rxf5 38. Bg4 Rdf7 39. Bxf5 Rxf5 1/2-1/2

[Event "Ostravský koník 2014 - FIDE Open B"]
[Site "Ostrava, CZE"]
[Date "2014.04.29"]
[Round "4"]
[White "Palanek, Rene"]
[Black "Privoznik, Lubos"]
[Result "0-1"]
[WhiteElo "1090"]
[BlackElo "1647"]
[PlyCount "84"]

1. e4 e6 2. d4 d5 3. e5 c5 4. c3 Nc6 5. Nf3 Qb6 6. Be2 Nh6 7. Bxh6 Qxb2 8. Nbd2
gxh6 9. Qc1 Qb6 10. Rb1 Qc7 11. Bb5 Bd7 12. O-O c4 13. Qc2 Ne7 14. Bxd7+ Qxd7
15. Nh4 Ng6 16. Nxg6 hxg6 17. f4 b6 18. a4 Be7 19. Nf3 O-O 20. Nh4 Bxh4 21. Rf3
Bd8 22. g4 Bh4 23. Rh3 Qe7 24. f5 exf5 25. gxf5 Qg5+ 26. Qg2 Qxf5 27. Rb5 Qg5
28. Qxg5 Bxg5 29. Rxd5 Rad8 30. Rb5 Rfe8 31. Rb4 Rc8 32. Kf2 h5 33. Rb5 Bd8 34.
Re3 Bc7 35. Kf3 a6 36. Rd5 Rcd8 37. Rxd8 Rxd8 38. e6 fxe6 39. Rxe6 Rd6 40. Re7
Rf6+ 41. Ke3 Bxh2 42. d5 g5 0-1

[Event "Ostravský koník 2014 - FIDE Open B"]
[Site "Ostrava, CZE"]
[Date "2014.04.29"]
[Round "4"]
[White "Mica, Marek"]
[Black "Mikulencakova, Jana"]
[Result "1-0"]
[WhiteElo "1369"]
[BlackElo "1595"]
[PlyCount "27"]

1. d4 d5 2. c4 dxc4 3. e4 Nc6 4. Nf3 Bg4 5. Be3 e6 6. Bxc4 Bb4+ 7. Nc3 Na5 8.
Be2 Bxf3 9. Bxf3 Nc4 10. Qa4+ Qd7 11. Qxb4 Nxe3 12. fxe3 Rb8 13. Qb5 c6 14. Qe5
1-0